| 000 | 00967nam a2200265Ia 4500 | ||
|---|---|---|---|
| 003 | GCL | ||
| 008 | 140319s9999 xx 000 0 ara d | ||
| 040 |
_aGCL / _cGCL |
||
| 082 | 0 | 4 |
_a239.9 _bع س |
| 100 | 1 | _aعبدالعزيز الشناوى | |
| 245 | 1 | 0 |
_aالسيرة النبوية : اهل الجنة - صحابة رسول الله / _cعبدالعزيز الشناوى |
| 260 |
_a[S.N] : _bدار البشير للثقافة والعلوم الاسلامية ، _c1988 |
||
| 300 | _a241 ص | ||
| 490 | _a | ||
| 650 | 0 | 4 | _aالصحابة والتابعون |
| 650 | 0 | 4 | _aزيد بن سهل بن الاسود |
| 650 | 0 | 4 | _aابوحذيفة بن عتبة بن ربيعة |
| 650 | 0 | 4 | _aالنعمان بن عمرو بن ربيعة |
| 650 | 0 | 4 | _aالسكران بن عمرو |
| 650 | 0 | 4 | _aضرار بن الخطاب |
| 650 | 0 | 4 | _aعامر بن فهيرة |
| 650 | 0 | 4 | _aخزيمة بن ثابت |
| 650 | 0 | 4 | _aشجاع بن دهب |
| 942 |
_2ddc _cBK |
||
| 999 |
_c55453 _d55453 |
||